Clash Royale : Le Deck 2.6 - Statistiques

Statistiques générales
  • Ce quiz a été pris 215 fois
  • Le résultat moyen est 7 sur 8
Statistiques - réponses
Elixir Cartes % Correct
1 Esprit de Glace
96%
4 Chevaucheur de cochon
95%
3 Canon
92%
1 Squelettes
88%
2 Bûche
87%
4 Mousquetaire
87%
4 Boule de Feu
86%
2 Golem de Glace
76%
Aucun quiz correspondant
Distribution des résultats
% des personnes avec chaque résultat
Percentile par nombre de réponses
Votre historique - résultats
Vous n’avez pas pris ce quiz